|
|
|
|
| LEADER |
00000ny a22000003n 4500 |
| 005 |
20110513125659.0 |
| 008 |
101119c20069999bl zr pss 0 a0por d |
| 022 |
|
|
|a 1980-7775
|
| 035 |
|
|
|a 5045
|
| 040 |
|
|
|a BUS
|d vLex
|
| 090 |
|
|
|c 1876
|d 1876
|
| 245 |
3 |
0 |
|a Revista Panp̤tica
|h [Recurso electrn̤ico]
|
| 256 |
|
|
|a Servicio en ln̕ea
|
| 260 |
|
|
|a Brasil :
|b [s.n.]
|
| 310 |
|
|
|a Irregular
|
| 506 |
1 |
|
|a Contenido solo disponible en los productos indicados
|d vLex Global
|d vLex Global (Academic Edition, excluding Law Schools)
|d vLex Global (U.S. Academic Edition, Law Schools)
|d vLex Global (U.S. Academic Edition, excluding Law Schools)
|d vLex Global (Academic Edition, Law Schools)
|
| 650 |
0 |
4 |
|a Enseąnza superior
|x Derecho
|z Brasil
|
| 650 |
0 |
4 |
|a Estudiantes
|x Derecho
|z Brasil
|
| 740 |
0 |
|
|a vLex Revista (Servicios en ln̕ea)
|
| 843 |
|
|
|a Electrn̤ica. Abierta
|
| 853 |
|
|
|8 1
|i (year)
|j (month)
|k (day)
|
| 856 |
4 |
|
|u http://vlex.com/source/5045
|z Acceso restringido
|
| 942 |
|
|
|c REV
|